000 01077namaa22002771 4500
001 174095
003 ES-MaACL
005 20251009165218.0
008 100215s1949 cu |||| | spa d
080 _a929(729.1)
100 1 _aMorales y Morales, Vidal.
_9142166
245 1 0 _a3 biografías /
_cVidal Morales y Morales ; recopilación y prólogo de Félix Lizaso.
246 3 _aTres biografías
260 _aLa Habana :
_bMinisterio de Educación, Dirección de Cultura,
_c1949.
300 _a225 p. ;
_c19 cm.
490 1 _aCuadernos de Cultura. Octava serie ;
_v5
505 8 _aContiene: Anselmo Suárez y Romero ; José Silverio Jorrín ; Antonio Bachiller y Morales
600 1 4 _aSuárez y Romero, Anselmo.
_9142159
600 1 4 _aJorrín, José Silverio,
_d1816-1897
_9172998
600 1 4 _aBachiller y Morales, Antonio,
_d1812-1889
_924478
700 1 _aLizaso, Félix.
_972618
710 1 _aCuba.
_bDirección General de Cultura.
_9146958
830 1 _aCuadernos de cultura
_v5
_9181245
852 _aES-MaACL
_jC-57159
999 _c174095
_d174095